Music Quiz

Random Music or Kpop Quiz

World Klass Names Quiz Stats

 Plays Quiz not verified by Sporcle

Score 0/20 Timer 10:00
0 Plays Today
Position Answer % Correct
Rap/Vocal/ProducingChi Hoon
91.7%
Dance/VocalJi Su
91.7%
Vocal/ActingKenny
87.5%
Rap/Dance/ProducingChan
87.5%
VocalLim
87.5%
RapRobin
87.5%
VocalRicky
83.3%
Dance/VocalKyung Ho
83.3%
Vocal/ActingWoong Gi
83.3%
RapJ.You
79.2%
Position Answer % Correct
Vocal/ActingHan Jun
75%
VocalJerome
75%
Vocal/ActingDong Geon
70.8%
Dance/VocalMin Su
70.8%
VocalSi Jun
70.8%
VocalJae Yun
66.7%
Dance/VocalJae Ho
66.7%
VocalTaichi
66.7%
Rap/ActingJung Sang
50%
RapKyung Joon
50%

You're not logged in!

Compare scores with friends on all Sporcle quizzes.
OR
Log In

Sporcle TV

Today on Sporcle TV


Watch our educational content, quiz creation guides, and fun videos on Sporcle TV.

Show Comments

Extras

Created Sep 15, 2019ReportNominate
Tags:Kpop Quiz, survival

Top Quizzes Today


Score Distribution

Your Account Isn't Verified!

In order to create a playlist on Sporcle, you need to verify the email address you used during registration. Go to your Sporcle Settings to finish the process.

Report this User

Report this user for behavior that violates our Community Guidelines.

Details: